The Bible and its enemies. (Record no. 3357)

000 -LEADER
fixed length control field 00605nam a2200193 a 4500
001 - CONTROL NUMBER
control field :::00001087$&:&@@
003 - CONTROL NUMBER IDENTIFIER
control field OkBaRHE
005 - DATE AND TIME OF LATEST TRANSACTION
control field 20000607103241.0
008 - FIXED-LENGTH DATA ELEMENTS--GENERAL INFORMATION
fixed length control field s1921 j 000 0 eng u
040 ## - CATALOGING SOURCE
Transcribing agency
100 1# - MAIN ENTRY--PERSONAL NAME
Personal name Bryan, William Jennings.
245 14 - TITLE STATEMENT
Title The Bible and its enemies.
260 ## - PUBLICATION, DISTRIBUTION, ETC. (IMPRINT)
Place of publication, distribution, etc Chicago, IL., :
Name of publisher, distributor, etc Bible Institute Colportage Association
Date of publication, distribution, etc c1921
300 ## - PHYSICAL DESCRIPTION
Extent 46 p. ;
Dimensions 18 cm.
650 ## - SUBJECT ADDED ENTRY--TOPICAL TERM
Topical term or geographic name as entry element Bible
General subdivision Criticism
650 ## - SUBJECT ADDED ENTRY--TOPICAL TERM
Topical term or geographic name as entry element Bible
General subdivision Evidences, Authority, etc.
942 ## - ADDED ENTRY ELEMENTS (KOHA)
Source of classification or shelving scheme
Koha item type Books
Copies
Lost status Barcode Price effective from Source of classification or shelving scheme Withdrawn status Full call number Copy number Date acquired Not for loan Shelving location Koha item type Damaged status Date last seen Permanent Location
 10872010-04-14  BS 538 .B712010-04-14 General StacksBooks 2010-04-14RHEMA Bible Training College